000 00512nmm a2200157Ia 4500
008 251105s9999||||xx |||||||||||||||||und||
020 _a9788491162520
041 _aspa
100 _aCasado Giménez, Fermí
245 0 _aPRESENT-ACCIÓN :
_b Mejora tus presentaciones a partir de la Técnica Teatral
264 _a[Madrid, España] :
_bUniversitat Oberta de Catalunya,
_c2016
300 _a112 páginas
650 _aTheater / Drama
856 _uhttps://public.digitaliapublishing.com/a/47046
942 _cCF
999 _c88368
_d88368